|
|
|
|
| LEADER |
02215nam a2200373 a 4500 |
| 001 |
15613096 |
| 003 |
BD-DhAAL |
| 008 |
100215s2010 nyu b 001 0 eng d |
| 010 |
|
|
|a 2009004320
|
| 020 |
|
|
|a 978130913162
|
| 020 |
|
|
|a 9780393337006 (pbk.)
|
| 020 |
|
|
|a 0393337006 (paperback)
|
| 040 |
|
|
|a DLC
|c DLC
|d BD-DhAA
|
| 082 |
0 |
0 |
|a 330
|2 22
|
| 100 |
1 |
|
|a Khan, Irene.
|9 47758
|
| 245 |
1 |
4 |
|a The unheard truth :
|b poverty and human rights /
|c Irene Khan ; with David Petrasek ; foreword by Kofi Annan.
|
| 250 |
|
|
|a First Indian edition.
|
| 260 |
|
|
|a New York :
|b W. W. Norton & Company, ;
|a New Delhi :
|b Viva Books,
|c 2010.
|
| 300 |
|
|
|a xv, 250 pages :
|b illustrations, photos ;
|c 23cm.
|
| 504 |
|
|
|a Includes bibliographical references and index.
|
| 505 |
0 |
|
|a The world's worst human rights crisis -- Freedom and its critics-why 'voice' matters -- Freedom from discrimination-ending exclusion -- Living in fear-securing rights -- Poverty trapped-from the sequence to the circle -- Needless deaths-the rigth to safe motherhood -- The global slum-giving people a right to their city -- The scramble for resources-local rights, global duties -- Claming rights-legal empowerment to end poverty -- From acknowledgement to action.
|
| 541 |
1 |
|
|e 00019752
|
| 650 |
|
0 |
|a Poverty.
|
| 650 |
|
0 |
|a Poor.
|
| 650 |
|
0 |
|a Human rights.
|
| 700 |
1 |
|
|a Petrasek, David.
|9 47762
|
| 700 |
1 |
|
|a Annan, Kofi A. (Kofi Atta)
|
| 852 |
4 |
|
|a Ayesha Abed Library
|j General shelf
|
| 942 |
|
|
|2 ddc
|c BK
|
| 999 |
|
|
|c 7522
|d 7522
|
| 952 |
|
|
|0 0
|1 0
|2 ddc
|4 0
|6 330_KHA_201000000000000
|7 0
|9 8120
|a BRACUL
|b BRACUL
|c GEN
|d 2010-02-15
|l 2
|m 30
|o 330 KHA
|p 3010019752
|r 2017-08-22
|s 2016-09-21
|t 2
|w 2010-02-15
|y BK
|
| 952 |
|
|
|0 0
|1 0
|2 ddc
|4 0
|6 330_KHA_201000000000000
|7 0
|9 8121
|a BRACUL
|b BRACUL
|c GEN
|d 2010-02-15
|l 3
|m 1
|o 330 KHA
|p 3010019753
|r 2013-11-29
|s 2013-11-21
|t 2
|w 2010-02-15
|y BK
|
| 952 |
|
|
|0 0
|1 0
|2 ddc
|4 0
|6 330_000000000000000_KHA
|7 1
|9 70400
|a BRACUL
|b BRACUL
|c AAKC
|d 2022-04-06
|e Donated by Akbar Ali Khan
|l 0
|o 330 KHA
|p 3010038318
|r 2022-04-06
|t 3
|w 2022-04-06
|y BK
|
| 952 |
|
|
|0 0
|1 0
|2 ddc
|4 0
|6 330_000000000000000_KHA
|7 1
|9 75284
|a BRACUL
|b BRACUL
|c AAKC
|d 2024-03-20
|e Donated by Akbar Ali Khan
|l 0
|o 330 KHA
|p 3010042249
|r 2024-03-20
|t 4
|w 2024-03-20
|y BK
|x Donated by Akbar Ali Khan
|